000 00717nam a22002057a 4500
003 OSt
005 20150408114131.0
008 130415s2008 le ||||g |||| 00| 0 ara d
020 _a9789953635132
040 _aMU
_bara
082 0 4 _221
_a371.95
_bأ ر أ
100 1 _aأبو شقرا، رجا
_935260
245 1 0 _aأطفال وشباب ذوو احتياجات خاصة :
_bقادرون، وموهوبون مميزون /
_cرجا أبو شقرا.
250 _aط. 1.
260 _aبيروت :
_bدار العلم للملايين،
_c2008
_m[1428]
300 _a328 ص. ؛
_c24 سم.
650 4 _aالتعليم الخاص
650 4 _aالأطفال الموهوبون
_xتعليم
_922036
942 _2ddc
_cBOOK
999 _c29611
_d264111